Szczegóły MARC21

Atlas anatomii człowieka. T. 2, Nauka o trzewach, gruczoły dokrewne, serce /

003 -Nazwa inst., której nr kontr. jest w polu 001 [,]
    • @
    • Nazwa instytucji, której n kontrolny jest w polu 001
    • NUKAT
005 -DATA I CZAS OSTATNIEJ MODYFIKACJI [,]
    • @
    • pole kontrolne
    • 20241231113103.0
040 -Instytucja sporządzająca opis [ , ]
    • a
    • Instytucja, która sporządziła opis (NP)
    • TOR U/BIOIO
    • c
    • Instytucja, która sporządziła rekord (NP)
    • TOR U/BIOIO
    • d
    • Instytucja, która zmodyfikowała rekord (P)
    • TOR U/AP
    • d
    • Instytucja, która zmodyfikowała rekord (P)
    • KR 119/SKs
    • d
    • Instytucja, która zmodyfikowała rekord (P)
    • KR U/42MM KR 122/MN
    • d
    • Instytucja, która zmodyfikowała rekord (P)
    • GD 27/LKs
041 -Język dokumentu [1, ]
    • a
    • Język tekstu (P)
    • polski
    • a
    • Język tekstu (P)
    • łaciński
    • h
    • Język tekstu oryginalnego i/lub pośredniego (P)
    • niemiecki
    • h
    • Język tekstu oryginalnego i/lub pośredniego (P)
    • węgierski
942 -Rodzaj dokumentu [ , ]
    • c
    • Rodzaj dokumentu
    • Książka
100 -Hasło główne - nazwa osobowa [1, ]
    • a
    • Nazwa osobowa (NP)
    • Kiss, Ferenc
    • d
    • Daty biograficzne (NP)
    • (1889-1966).
    • 9
    • KHW
    • 98922
240 -Tytuł ujednolicony [1,0]
    • a
    • Tytuł ujednolicony
    • Ember anatómiájának atlasza
    • l
    • Język tekstu
    • (pol.)
    • 9
    • KHW
    • 548077
245 -Strefa tytułu i oznaczenia odpowiedzialności [1,0]
    • a
    • Tytuł
    • Atlas anatomii człowieka. Find
    • n
    • Oznaczenie części (P)
    • T. 2,
    • p
    • Nazwa części (P)
    • Nauka o trzewach, gruczoły dokrewne, serce /
    • c
    • Pozostałe elementy strefy tytułu i oznaczenia odpowiedzialności (NP)
    • Ferenc Kiss, János Szentágothai ; [z wyd. niem. tł. Stanisław Pniewski ; red. nauk. wyd. pol. Stanisław Pniewski].
246 -Wariant tytułu [3,0]
    • a
    • Tytuł (NP)
    • Nauka o trzewach, gruczoły dokrewne, serce
246 -Wariant tytułu [1,5]
    • a
    • Tytuł (NP)
    • Atlas anatomiae corporis humani
246 -Wariant tytułu [1, ]
    • i
    • Tekst wyświetlany na ekranie monitora (NP)
    • Podstawa przekł.:
    • a
    • Tytuł (NP)
    • Anatomischer Atlas des menschlichen Körpers
250 -Strefa wydania [ , ]
    • a
    • Oznaczenie wydania (NP)
    • Wyd. pol. 2.
260 -Strefa adresu wydawniczego [ , ]
    • a
    • Miejsce wydania (P)
    • Warszawa :
    • b
    • Nazwa wydawcy (P)
    • Państwowy Zakład Wydawnictw Lekarskich,
    • c
    • Data wydania (P)
    • 1979.
300 -Strefa opisu fizycznego [ , ]
    • a
    • Określenie formy książki i/lub objętość (NP)
    • 225, [2] s. :
    • b
    • Oznaczenie ilustracji (NP)
    • il. kolor., err. ;
    • c
    • Format (NP)
    • 30 cm.
336 -Typ zawartości [ , ]
    • a
    • Termin opisujący typ zawartości
    • Tekst
    • b
    • Kod określający zawartość
    • txt
    • 2
    • Źródło (terminu i kodu)
    • rdacontent
337 -Typ mediów [ , ]
    • a
    • Tryb odtwarzania
    • Bez urządzenia pośredniczącego
    • b
    • Kod typu mediów
    • n
    • 2
    • Źródło (terminu i kodu)
    • rdamedia
338 -Typ/rodzaj nośnika [ , ]
    • a
    • Hasło opisujące typ nośnika
    • Wolumin
    • b
    • Kod typu nośnika
    • nc
    • 2
    • Źródło (terminu i kodu)
    • rdacarrier
500 -Uwaga ogólna [ , ]
    • a
    • Uwaga ogólna (NP)
    • Tyt. oryg.: Az ember anatómiájának atlasza.
504 -Uwaga dot. bibliogr. załącznikowej [ , ]
    • a
    • Uwaga dot. bibliografii załącznikowej
    • Indeks.
546 -Uwaga dot. języka [ , ]
    • a
    • Uwaga dot. języka
    • Nazwy anatomiczne także łac.
080 -Uniwersalna Klasyfikacja Dziesiętna [ , ]
    • 2
    • Identyfikator wydania tablic
    • UDC-P058
    • a
    • Symbol klasyfikacji
    • 611
    • b
    • Dopowiedzenie
    • Anatomia.
    • x
    • Poddział wspólny
    • (084.11)
    • b
    • Dopowiedzenie
    • (Ilustracje. Ryciny. Rysunki).
650 -Hasło przedmiotowe [ ,7]
    • a
    • Hasło przedmiotowe
    • Anatomia człowieka
    • v
    • Określnik formalny
    • atlasy.
    • 2
    • Źródło terminu
    • kaba
    • 9
    • KHW
    • 354229
650 -Hasło przedmiotowe [ ,7]
    • a
    • Hasło przedmiotowe
    • Trzewia
    • x
    • Określnik rzeczowy
    • anatomia
    • v
    • Określnik formalny
    • atlasy.
    • 2
    • Źródło terminu
    • kaba
    • 9
    • KHW
    • 434841
650 -Hasło przedmiotowe [ ,7]
    • a
    • Hasło przedmiotowe
    • Gruczoły dokrewne
    • x
    • Określnik rzeczowy
    • anatomia
    • v
    • Określnik formalny
    • atlasy.
    • 2
    • Źródło terminu
    • kaba
    • 9
    • KHW
    • 548690
650 -Hasło przedmiotowe [ ,7]
    • a
    • Hasło przedmiotowe
    • Serce
    • x
    • Określnik rzeczowy
    • anatomia
    • v
    • Określnik formalny
    • atlasy.
    • 2
    • Źródło terminu
    • kaba
    • 9
    • KHW
    • 548691
980 -Symbol UKD [ , ]
    • a
    • UKD
    • 611(084.11)
700 -Hasło dodatkowe - nazwa osobowa [1, ]
    • a
    • Nazwa osobowa (NP)
    • Szentágothai, János Find
    • d
    • Daty biograficzne (NP)
    • (1912-1994).
    • 9
    • KHW
    • 548075
700 -Hasło dodatkowe - nazwa osobowa [1, ]
    • a
    • Nazwa osobowa (NP)
    • Pniewski, Stanisław. Find
    • e
    • Określenie rodzaju współpracy
    • Tł.
    • 9
    • KHW
    • 548074
710 -Hasło dodatkowe - nazwa ciała zbiorowego [2, ]
    • a
    • Nazwa ciała zbiorowego lub nazwa geograficzna jako pierwszy element (NP)
    • Państwowy Zakład Wydawnictw Lekarskich.
    • 4
    • Kod relacji
    • pbl
    • 9
    • KHW
    • 54960
Data inwentaryzacji Sygnatura Uwagi nie widoczne w OPAC Status udost. Lokalizacja Numer inwentarzowy
 retrokonwersja-5BGW.83463
W.81921retrokonwersja-5BGW.81922
W.81921retrokonwersja-5BGW.81925
W.81921retrokonwersja-5BGW.81928
W.81921retrokonwersja2BGW.81931
W.81921retrokonwersja2BGW.81934
   1BGZ.37579
  retrokonwersja2BGN.918
  retrokonwersja2BGN.921
 DF Magazynretrokonwersja-3BMWF.373
 DF Magazynretrokonwersja-3BMWF.376
 DF Magazynretrokonwersja1BMWF.379
 DF Magazynretrokonwersja1BMWF.382
 DF Magazynretrokonwersja1BMWF.385
 DF Magazynretrokonwersja1BMWF.388
 DF Magazynretrokonwersja1BMWF.391
 Anatomia atlasy 03retrokonwersja1BMWF.394
 DF Magazynretrokonwersja1BMWF.397
 DF Magazynretrokonwersja1BMWF.400
 DF Magazynretrokonwersja1BMWF.406
 DF Magazynretrokonwersja1BMWF.409
 DF Magazynretrokonwersja1BMWF.412
 DF Magazynretrokonwersja1BMWF.415
 DF Magazynretrokonwersja1BMWF.418
 DF Magazynretrokonwersja1BMWF.421
  retrokonwersja2BMWF.403